| 000 | 00317 a2200133 4500 | ||
|---|---|---|---|
| 001 | 66036 | ||
| 082 | _a629.133 JAN | ||
| 090 |
_c38388 _d38388 |
||
| 100 | _aJane's | ||
| 245 |
_aJane's Air craft upgrades 2000-2001 _nVol-II |
||
| 250 | _a8 | ||
| 260 |
_aUK USA _bJane's information group _c2000 |
||
| 300 | _a650p. | ||
| 942 |
_aNUST CAE _k629.133 JAN |
||
| 999 |
_c301109 _d301109 |
||